| 000 | 00620cam a2200205Ia 4500 | ||
|---|---|---|---|
| 020 | _a0834804425 (pbk.) | ||
| 020 | _a9780834804425 (pbk.) | ||
| 020 | _a9780834803466 | ||
| 020 | _a0834803461 | ||
| 040 | _cTEF | ||
| 082 | _a738 WEA 1999 A085 Or. | ||
| 100 | 1 | _aWilson, Richard L., | |
| 245 | 1 | 0 |
_aInside Japanese ceramics : _ba primer of materials, techniques, and traditions / |
| 250 | _a1st pbk. ed | ||
| 260 |
_aNew York : _bWeatherhill, _c1999 |
||
| 300 |
_a190 p., [16] p. of plates : _bill. (some col.), map ; _c26 cm |
||
| 500 | _aOriginally published: 1995 | ||
| 650 | 0 | _aPottery, Japanese | |
| 942 | _cEK | ||
| 999 |
_c12198 _d12198 |
||